000 00811nam a2200217 a 4500
005 20210223121810.0
008 991125s1977 mx 000 0 spa u
035 _aUPN01000024009
049 _aCG
050 4 _aHF3235 C6
_bA4.4
100 1 _aAlvarez de Abreu, Antonio
245 1 0 _aExtracto historial del comercio entre China, Filipinas y Nueva España /
_cAntonio Alvarez de Abreu ; introd., notas y arreglo del texto por Carmen Yuste.
260 _aMéxico :
_bIMCE,
_c1977.
300 _a2 v., [1] h. de láms.
440 0 _aFuentes y estadísticas del comercio exterior de México
500 _aLa biblioteca tiene el v.2
651 4 _aCHINA -
_xCOMERCIO -
_zFILIPINAS
_911845
651 4 _aFILIPINAS, ISLAS -
_xCOMERCIO -
_zCHINA
651 4 _aMEXICO -
_xCOMERCIO -
_zFILIPINAS
_912315
905 _aLibro
999 _c24009
_d24009